Spider-Man PS4 - Statistics

General Stats
  • This quiz has been taken 349 times
  • The average score is 18 of 26
Answer Stats
Hint Answer % Correct
A 23 year old research scientist, also known as Spider-Man Peter Parker
99%
What state does this game take place in New York
95%
What is the shelter organization called FEAST
87%
Spider-Mans aunt that works for a shelter organization Aunt May
86%
Spider-Mans lover and ex girlfriend, you play several missions as her Mary Jane Watson
85%
This villain has the power of electricity Electro
83%
A heavily armored villain that wheres his suit like a certain animal Rhino
83%
His father dies, works for the shelter organization, gets spider abilities at the end of the game Miles Morales
81%
Who run FEAST, also the leader of a gang of criminals Martin Li
80%
Poisons Spider-Man multiple times in story, has a long tail Scorpion
80%
This villain can fly with wings, also represents an animal, green Vulture
80%
Who only leaves black cats around without making an apperance Black Cat
76%
Who is the mayor of the city, every villain is against him Norman Osborn
76%
This villain can create shockwaves Shocker
76%
This vigilante puts tasks around the map for you to complete Taskmaster
70%
Who is the villain known as Kingpin Wilson Fisk
68%
What is Li's villain name Mister Negative
67%
What are Li's gang called Demons
66%
NYPD captain that works with Spider-Man Yuri Watanabe
64%
What is the private military called Sable
61%
Who is a NYPD officer who dies at the bombing at City Hall Jefferson Davis
59%
Who is always talking against Spider-Man, he can be funny J. Jonah Jameson
53%
This is a fan girl that sets Spider-man up just for more fans Screwball
53%
An "Invincible" man, you make a potion to stop his "Invincibility" for a few seconds Tombstone
53%
Who is the leader of a private military company Silver Sablinova
26%
Spider-Mans friend and mentor, his boss at his job Dr. Otto Octavius
20%
No matching quizzes found
Score Distribution
Percent of People with Each Score
Percentile by Number Answered
Your Score History
You have not taken this quiz